Historiske personer fra Midtøsten i nyere tid (Bilder) - Statistics

General Stats
  • This quiz has been taken 33 times
  • The average score is 7 of 12
Answer Stats
Picture Hint Answer % Correct
Tyrkias første president, 1923-38 Mustafa Kemal Atatürk
84%
Saudi-arabisk islamist og lederen av al-Qaeda, 1988-2011 Osama bin Laden
68%
Den palestinske lederen av PLO, 1969-2004 Yasser Arafat
68%
Irans islamistiske diktator etter revolusjonen, 1979-89 Ayatollah Ruhollah Khomeini
63%
Iraks diktator, ca. 1975-2003 Saddam Hussein
63%
Egypts diktator (stod for arabisk sosialisme), 1952/54-70 Gamal Abdel Nasser
58%
Libyas diktator (stod for islamsk sosialisme), 1969-2011 Muammar Gaddafi
58%
Britisk offiser som deltok i det arabiske opprøret mot osmanerne under WWI Lawrence of Arabia (T.E. Lawrence)
53%
Israels første statsminister, 1948-63 David Ben-Gurion
47%
Grunnlegger og konge av Saudi-Arabia, 1932-53 Ibn Saud
47%
Irans diktator, 1953-79 Shahen (keiseren) Mohammad Reza Pahlavi
37%
Egypts diktator, 1970-81 Anwar Sadat
32%
No matching quizzes found
Score Distribution
Percent of People with Each Score
Percentile by Number Answered
Your Score History
You have not taken this quiz